Online Catalogue and eLibrary

Sri Lankan englishliterature and the Sri Lankan people 1917-2003 (Record no. 3362)

MARC details
000 -LEADER
fixed length control field 00459nam a2200157Ia 4500
005 - DATE AND TIME OF LATEST TRANSACTION
control field 20241220064444.0
008 - FIXED-LENGTH DATA ELEMENTS--GENERAL INFORMATION
fixed length control field 240331s9999 xx 000 0 und d
020 ## - INTERNATIONAL STANDARD BOOK NUMBER
ISBN 9558095826
082 ## - DDC Classification
Item Number - Author Mark GOO
Class No. 828
100 ## - MAIN ENTRY--PERSONAL NAME
Personal name Goonetilleke, D.C.R.A.
245 #0 - TITLE STATEMENT
Title Sri Lankan englishliterature and the Sri Lankan people 1917-2003
260 ## - PUBLICATION, DISTRIBUTION, ETC.
Place of publication, distribution, etc. Colombo
Name of publisher, distributor, etc. Vijitha Yapa Publications
Date of publication, distribution, etc. 2005
300 ## - PHYSICAL DESCRIPTION
Extent (e.g. Volumes, Pages etc.) vii, 318 p .,
500 ## - GENERAL NOTE
General note Sri Lanka's English Literature
942 ## - Koha item type (Biblio)
Koha item type Books in Stacks (Lending)
Holdings
Lost status Damaged status Collection code Home library Current library Shelving location Date acquired Full call number Accession Number Item type
    Lending WERC Library WERC Library Social Science Cupboard 03/31/2024 828 GOO 1906 Books in Stacks (Lending)

© WERC Library